| 000 | 00458pab a2200157 454500 | ||
|---|---|---|---|
| 008 | 180718b1997 xxu||||| |||| 00| 0 eng d | ||
| 100 | _aBhargava, Alok | ||
| 245 | _aA longitudinal analysis of infant and child mortality rates in developing countries | ||
| 260 | _c1997 | ||
| 300 | _ap.141-53 | ||
| 650 | _aChild mortality - Developing countries | ||
| 650 | _aChild mortality | ||
| 700 | _aYu, Jiang | ||
| 773 | _aIndian Economic Review | ||
| 909 | _a44160 | ||
| 999 |
_c44160 _d44160 |
||